| 000 | 00684nam a22002057a 4500 | ||
|---|---|---|---|
| 005 | 20100821121244.0 | ||
| 010 | _aENG-101279 | ||
| 020 |
_a8182400244 _c90.00 |
||
| 020 |
_a9788182400245 _c90.00 |
||
| 035 | _aEN-84712 | ||
| 037 | _bDBAD/PUB | ||
| 082 | _a570 | ||
| 100 |
_aMohanakrishnan, H. _915890 |
||
| 245 |
_aBurrow biology and crop preference by field rodents in some parts of upper Nilgiris / _cby H. Mohanakrishnan |
||
| 260 |
_aNew Delhi _bDhruv Publications _c2008 |
||
| 270 |
_a4393/4A, 1st Floor, Ansari Road, Daryaganj _bNew Delhi _e110002 |
||
| 300 |
_a52p. _c22cm (pbk) _eb&w photos |
||
| 500 | _aIncludes bibliographical references | ||
| 942 |
_2ddc _cEN _h570 _mMOH |
||
| 999 |
_c42855 _d42855 |
||